| 000 | 01504nam a2200469 i 4500 | ||
|---|---|---|---|
| 001 | 13478 | ||
| 003 | KOSZ 005 | ||
| 005 | 20191023100721.0 | ||
| 008 | 191023s1973 pl a f 000 0 pol | ||
| 015 | _aPB 1973/11407 | ||
| 035 | _a991034748799705066 | ||
| 035 | _a(PL-WaBN)b19351781-48omnis_nlop | ||
| 035 | _ab19351781 | ||
| 035 | _a(OCoLC)805225536 | ||
| 035 | _a(PL)b0000001935178 | ||
| 035 | _a(EXLNZ-48OMNIS_NETWORK)9910177239005606 | ||
| 040 |
_aWA N _cWA N _dKOSZ 005/RW |
||
| 046 | _k1973 | ||
| 080 | _a624.012.45 | ||
| 080 | _a69 | ||
| 100 | 1 |
_aKobiak, Jerzy _d(1919-1975) _eAutor |
|
| 245 | 1 | 0 |
_aBłędy w konstrukcjach żelbetowych : _bdoświadczenia z ekspertyz / _cJerzy Kobiak. |
| 250 | _aWydanie 2. | ||
| 260 |
_aWarszawa : _b"Arkady", _c1973. |
||
| 300 |
_a227, [1] stron : _bilustracje ; _c25 cm. |
||
| 336 |
_aTekst _btxt _2rdacontent |
||
| 337 |
_aBez urządzenia pośredniczącego _bn _2rdamedia |
||
| 338 |
_aWolumin _bnc _2rdacarrier |
||
| 380 | _aKsiążki | ||
| 380 | _aPublikacje fachowe | ||
| 388 | _a1901-2000 | ||
| 650 | 7 |
_aKonstrukcje żelbetowe _2DBN |
|
| 650 | 7 | _aBadania naukowe | |
| 650 | 7 |
_aPomiary _2DBN |
|
| 650 | 7 | _aBłędy | |
| 655 | 7 | _aEkspertyza | |
| 658 | _aArchitektura i budownictwo | ||
| 710 | 2 |
_aWydawnictwo Arkady _4pbl |
|
| 856 |
_uhttp://koha.tu.koszalin.pl/cgi-bin/koha/opac-detail.pl?biblionumber=13478 _yKatalog online BPK |
||
| 942 |
_2UKD _cKS |
||
| 999 |
_c13478 _d13478 |
||